LEADER 01110nam0 22002651i 450 001 UON00286607 005 20231205103903.808 100 $a20070116d1904 |0itac50 ba 101 $aspa 102 $aES 105 $a|||| 1|||| 200 1 $aˆUna ‰cantiga célebre del Rey Sabio$efuentes y desarrollo de la leyenda de Sor Beatriz, principalmente en la literatura española$fpor Armando Cotarelo y Valledor 210 $aMadrid$cAntonio Marzo$d1904 215 $a205 p.$d18 cm. 606 $aALFONSO $3UONC061494$2FI 620 $aES$dMadrid$3UONL000218 676 $a860$cLetteratura spagnola$v21 700 1$aCOTARELO VALLEDOR$bArmando$3UONV165275$0693449 712 $aAntonio Marzo$3UONV272729$4650 801 $aIT$bSOL$c20240220$gRICA 899 $aSIBA - SISTEMA BIBLIOTECARIO DI ATENEO$2UONSI 912 $aUON00286607 950 $aSIBA - SISTEMA BIBLIOTECARIO DI ATENEO$dSI SPA III 0536 $eSI SP 1664 5 0536 996 $aCantiga célebre del Rey Sabio$91249324 997 $aUNIOR